LEADER 00501nab a2200133 i 4500 001 000000323580 003 CaOOAMICUS 005 20180831173427.0 008 180831n it uu u0 0ita r 013 $a33933 040 $aSeMil$bita 245 10$aCalendario associativo 2005 per le zone pastorali. - In [rubrica] :$bAssociazione. 773 0 $t[NOVEMBRE 2004]. - 32 p.$gp.18-19$w()261359 996 $6245$aCalendario associativo 2005 per le zone pastorali. - In [rubrica] :$bAssociazione.$9(OLS)http://semarc/title/396970 LEADER 01085nam a2200253 4500 001 000000334168 003 CaOOAMICUS 005 20190619091515.0 008 190619s2018 it 000 u ita r 020 $a978-88-10-55927-7 040 $aSeMil$bita 100 1 $aBruni, Luigino,$d<1966- >.$0(OLS)http://semarc/name/5214 245 10$aDialoghi della notte e dell'aurora :$buna rilettura di Isaia /$cLuigino Bruni. 264 1$aBologna :$bEDB,$c2018. 300 $a240 p. ;$c20 cm 490 1 $aLapislazzuli 650 4$aBibbia. Antico Testamento. Isaia - Commentari, studi, critica, interpretazioni.$0(OLS)http://semarc/subject/111 830 0$aLapislazzuli.$0(OLS)http://semarc/title/40802 850 $aSeMil 852 $aSeMil$W1$xVenegono$y1$m2V II 341$j213711$B226383$CSeMilBibl$Z2$F226383 $81 996 $6020$a978-88-10-55927-7$9(OLS)http://semarc/number/287537 996 $6245$aDialoghi della notte e dell'aurora :$buna rilettura di Isaia$9(OLS)http://semarc/title/423651 996 $6264$aBologna :$bEDB$9(OLS)http://semarc/publisher/29669